000 00239nmm a2200085Ia 4500
008 220120s9999||||xx |||||||||||||||||und||
100 _aEFY
245 2 _aA collection of opensource software, libre office, open offi
260 _aEFY enterprises
999 _c140020
_d140020